Derecho penal, Constitucin̤ y Derechos

Detalles Bibliográficos
Autor principal: Rebollo Vargas, Rafael
Otros Autores: Tenorio Tagle, Fernando
Formato: eBook
Lenguaje:español
Publicado: Barcelona : J.M. Bosch Editor, 2013
Materias:
Acceso en línea:http://www.vlex.com/source/7283

MARC

LEADER 00000nam a22000007a 4500
005 20130228152511.0
007 cr|||| ||||
008 130228e2013 sp |||||s|||| 00||0 spa d
020 |a 978-84-940933-1-9 
035 |a 7283 
040 |a vLex 
090 |c 3784  |d 3784 
100 1 0 |a Rebollo Vargas, Rafael  
245 1 0 |a Derecho penal, Constitucin̤ y Derechos  |h [Recurso electrn̤ico] 
256 |a Servicio en ln̕ea 
260 |a Barcelona :   |b J.M. Bosch Editor,   |c 2013  
300 |a 1 Recurso electrn̤ico 
650 0 4 |a Derecho constitucional  |z Espaą 
650 0 4 |a Derecho penal  |z Espaą 
700 1 0 |a Tenorio Tagle, Fernando  
740 |a vLex Libros (Servicios en ln̕ea) 
856 |a Acceso restringido  |u http://www.vlex.com/source/7283 
942 |c BOOK 
999 0 |a Constitutional law